000 00472nam a2200145Ia 4500
008 151213s9999 xx 000 0 und d
100 _aআহমদ রফিক।
245 _aবুদ্ধজীবির সংস্কৃতি।
_cআহমদ রফিক।
260 _aঢাকা
_bমুক্ত ধারা।
_c1986
300 _a8482 p.
650 _aBangla
650 _aBengali Literature
700 _aআহমদ রফিক।
999 _c4319
_d4319